Construction of the average rate of return of pension or investment funds based on chains indices
Charakteristika a komparácia niekoľkých spôsobov výpočtupriemernej miery návratnosti vkladov.Ekonomické postuláty (Gajek, Kaluszka). Diskrétne a spojité stochastické časové modely.
Gespeichert in:
| 1. Verfasser: | |
|---|---|
| Format: | Buchkapitel |
| Sprache: | Englisch |
| Schlagworte: | |
| Tags: |
Keine Tags, Fügen Sie das erste Tag hinzu!
|
MARC
| LEADER | 00000naa a2200000 4500 | ||
|---|---|---|---|
| 001 | 0197981 | ||
| 005 | 20220408094304.7 | ||
| 041 | 0 | |a eng | |
| 044 | |a CZ | ||
| 245 | 1 | 0 | |a Construction of the average rate of return of pension or investment funds based on chains indices |c Jacek Białek |
| 520 | |a Charakteristika a komparácia niekoľkých spôsobov výpočtupriemernej miery návratnosti vkladov.Ekonomické postuláty (Gajek, Kaluszka). Diskrétne a spojité stochastické časové modely. | ||
| 610 | 2 | 0 | |a návratnosť investícií |
| 610 | 2 | 0 | |a modely stochastické |
| 610 | 2 | 0 | |a simulácia stochastická |
| 610 | 2 | 0 | |a indexy |
| 610 | 2 | 0 | |a dôchodky |
| 610 | 2 | 0 | |a sporenie dôchodkové |
| 610 | 2 | 0 | |a poistenie |
| 610 | 2 | 0 | |a návratnosť investícií |
| 610 | 2 | 0 | |a investovanie |
| 610 | 2 | 0 | |a rozhodovanie investičné |
| 610 | 2 | 0 | |a rozmiestenie investícií |
| 100 | 1 | |a Białek, Jacek | |